Significance of SEO in marketing strategy
Výhody implementácie a hlavných stratégií v rámci SEO (search engine optimization). Charakteristika, formy a kategórie SEO. Úspech optimalizácie závislý na troch princípoch - kvalita obsahu, sociálnych sietí a spätných odkazoch.
Salvato in:
| Autore principale: | |
|---|---|
| Altri autori: | |
| Natura: | Capitolo di libro |
| Lingua: | inglese |
| Soggetti: | |
| Tags: |
Nessun Tag, puoi essere il primo ad aggiungerne!!
|
MARC
| LEADER | 00000nla a2200000 4500 | ||
|---|---|---|---|
| 001 | 0180664 | ||
| 005 | 20240502073102.5 | ||
| 041 | 0 | |a eng | |
| 044 | |a SK | ||
| 245 | 1 | 0 | |a Significance of SEO in marketing strategy |c Peter Paľko, Marta Šilhárová |
| 520 | |a Výhody implementácie a hlavných stratégií v rámci SEO (search engine optimization). Charakteristika, formy a kategórie SEO. Úspech optimalizácie závislý na troch princípoch - kvalita obsahu, sociálnych sietí a spätných odkazoch. | ||
| 610 | 2 | 0 | |a stratégia marketingová |
| 610 | 2 | 0 | |a optimalizácia |
| 610 | 2 | 0 | |a siete sociálne |
| 610 | 2 | 0 | |a efektívnosť inovácií |
| 610 | 2 | 0 | |a stratégia inovačná |
| 100 | 1 | |a Paľko, Peter, 1987- | |
| 700 | 1 | |a Šilhárová, Marta | |